000 00794nam a22002657a 4500
008 240821b mp ||||| |||| 00| 0 mon d
020 _a99929-0-472-0
035 _a2253
040 _aDXO45059
_bmon
_cMN-UlNLM
_dMN-UlNLM
_erda
041 _amon
082 _210-t
_a591.68
_bК.921
100 _aКуппэр Х
245 0 _aХовордсон ан амьтан
245 0 _bМонсудар хэвлэлийн газар
245 0 _c/Ред. Г.Гантогтох
264 _aУБ
_bАдмон
_c2009
300 _a20х.
336 _2rdacontent
_atext
_btxt
337 _2rdamedia
_aunmediated
_bn
338 _2rdacarrier
_avolume
_bnc
505 _tБайгалийн ухаан; Амьтан; 0; 0; 0
650 _aСалбар
942 _210-t
_cBK
999 _c1127672
_d1127729